Vývoj Evropské unie a předpoklady vstupu ČR
Vývoj v Európskej únii (EÚ). Hlavné opatrenia Európskeho menového systému. Príprava a realizácia menovej únie (Maastrichtské dohody). Možnosti a spôsoby prispôsobovania menovej politiky ČR vývoju EÚ.
Na minha lista:
| Autor principal: | |
|---|---|
| Formato: | Capítulo de Livro |
| Idioma: | tcheco |
| Assuntos: | |
| Tags: |
Sem tags, seja o primeiro a adicionar uma tag!
|
MARC
| LEADER | 00000naa a2200000 4500 | ||
|---|---|---|---|
| 001 | r018370 | ||
| 005 | 20221205101717.9 | ||
| 041 | 0 | |a cze | |
| 044 | |a CZ | ||
| 245 | 1 | 0 | |a Vývoj Evropské unie a předpoklady vstupu ČR |c J. Mervart |
| 520 | |a Vývoj v Európskej únii (EÚ). Hlavné opatrenia Európskeho menového systému. Príprava a realizácia menovej únie (Maastrichtské dohody). Možnosti a spôsoby prispôsobovania menovej politiky ČR vývoju EÚ. | ||
| 610 | 2 | 0 | |a Európska únia |
| 610 | 2 | 0 | |a Česko |
| 610 | 2 | 0 | |a vývoj |
| 610 | 2 | 0 | |a politika menová |
| 610 | 2 | 0 | |a stredná Európa |
| 610 | 2 | 0 | |a východná Európa |
| 610 | 2 | 0 | |a CEFTA |
| 610 | 2 | 0 | |a Vyšehradská štvorka |
| 610 | 2 | 0 | |a porovnanie medzinárodné |
| 610 | 2 | 0 | |a Európsky menový systém |
| 610 | 2 | 0 | |a únie menové |
| 100 | 1 | |a Mervart, J. | |